00349nam a2200133Ia 4500008004100000020001500041041001200056082001600068100001700084245004900101260004000150300000900190650001600199221030s9999 xx 000 0 und d a8188057010 aEnglish a105.23bPuj aA. K. Pujari 0aDatabase Management Systemscby A. K. Pujari bLearning materialsaNew Delhic2001 a8.25 aBE Computer